Statistics for Chelsea under Abramovic

Click here to take the quiz!

General Stats

  • This quiz has been taken 67 times
  • The average score is 16 of 25

Answer Stats

HintAnswer% Correct
4 apps Def ENGTerry
100%
4 apps GK CZCech
98%
4 apps STR IV COASTDrogba
98%
4 apps MID ENGLampard
97%
2 apps MID GHANAEssien
89%
2 apps MID ENG | 4 apps DEF ENGCole
89%
2 apps MID GERBallack
84%
3 apps STR IV COASTKalou
82%
3 apps MID NIGMikel
82%
2 apps DEF SERIvanovic
79%
3 apps MID FRMalouda
69%
2 apps DEF BRAZILAlex
69%
1 app DEF PORFerreira
65%
2 apps STR FRAAnelka
63%
1 app MID FRAMakele
61%
1 app MID NETHRobben
56%
2 apps DEF PORBosingwa
55%
1 app MID BRARamires
53%
1 app MID SPMata
45%
1 app STR ENGSturridge
40%
1 app DEF ENGBridge
31%
1 app DEF BRABelletti
18%
1 app MID ENGWright-Phillips
15%
1 app MID PORMereiles
8%

Score Distribution

Percentile by Number Answered

Percent of People with Each Score

Your Score History

You have not taken this quiz